Hunger Games--12 Hardest Characters to Guess - Statistics

General Stats
  • This quiz has been taken 488 times
  • The average score is 7 of 12
Answer Stats
Picture Answer % Correct
Marvel
90%
Brutus
80%
Cashmere
76%
Greasy Sae
73%
Gloss
72%
Annie Cresta
67%
Chaff
53%
Commander Paylor
47%
Claudius Templesmith
46%
Castor
45%
Seeder
43%
Commander Lyme
26%
No matching quizzes found
Score Distribution
Percent of People with Each Score
Percentile by Number Answered
Your Score History
You have not taken this quiz